000 00500nam a2200169 i 4500
001 30843
003 ES-MaACL
005 20230906154249.0
007 t|
008 030127s1963 sp ||||1| spa d
100 1 _aBayón Chacón, Gaspar.
_926713
245 1 0 _aManual de Derecho del trabajo /
_cGaspar Bayón Chacón, Eugenio Pérez Botija.
260 _aMadrid :
_bPons,
_c1963.
300 _a2 v. ;
_c25 cm.
700 1 _aPérez Botija, Eugenio.
_990674
852 _aES-MaACL
_jC-23635-6
_bR.52580
999 _c30843
_d30843